LEADER 01180nam a2200253 i 4500 001 000000004610 003 CaOOAMICUS 005 20241203145039.0 008 180830s1826 it u000 u ita u 040 $aSeMil$bita 100 1 $aBentivoglio, Guido,$d<1577-1644>.$0(OLS)http://semarc/name/11197 245 10$aDella guerra di Fiandra descritta dal cardinal Bentivoglio. Volume 1. [-3.]. 264 1$aMilano :$bPer Nicolò Bettoni,$c1826. 300 $a3 v. ;$c8°. 490 1 $aBiblioteca storica di tutte le nazioni. Classe seconda: Storici italiani 650 4$aGuerra di Fiandra <1297-1305>.$0(OLS)http://semarc/subject/44599 700 1 $aBettoni, Nicolò,$c.$0(OLS)http://semarc/name/3818 774 0 $tVol. 1.$g1$w()258317 774 0 $tVol. 2.$g2$w()258320 774 0 $tVol. 3.$g3$w()258319 830 0$aBiblioteca storica di tutte le nazioni. Classe seconda: Storici italiani.$0(OLS)http://semarc/title/400286 996 $6245$aDella guerra di Fiandra descritta dal cardinal Bentivoglio. Volume 1. [-3.]$9(OLS)http://semarc/title/400563 996 $6264$aMilano :$bPer Nicolò Bettoni$9(OLS)http://semarc/publisher/36549 LEADER 01456nam a2200289 i 4500 001 000000080288 003 CaOOAMICUS 005 20170426000000.0 008 170426s1969 it u000 u ita u 013 $a52526 040 $aSeMil$bita 100 1 $aThévenaz, Pierre <1913-1955>.$0(OLS)http://semarc/name/38638 240 10$aDe Husserl à Merleau-Ponty, qu'est-ce que la phénoménologie?.$0(OLS)http://semarc/title/403849 245 13$aLa fenomenologia :$bHusserl, Heidegger, Sartre, Merleau-Ponty /$cPierre Thévenaz ; introduzione di Jean Brun ; [traduzione di Giovanni Mura]. 260 $aRoma :$bCittà Nuova,$c1969. 300 $a102 p. 600 14$aSartre, Jean-Paul <1905-1980>.$0(OLS)http://semarc/subject/6044 600 14$aHeidegger, Martin <1889-1976>.$0(OLS)http://semarc/subject/986 600 14$aHusserl, Edmund <1859-1938>.$0(OLS)http://semarc/subject/987 650 4$aFenomenologia - Filosofia.$0(OLS)http://semarc/subject/1114 650 4$aMerleau-Ponty, Maurice.$0(OLS)http://semarc/subject/7105 700 1 $aMura, Giovanni.$0(OLS)http://semarc/name/91375 700 1 $aBrun, Jean <1919-1994>.$0(OLS)http://semarc/name/34893 850 $aSeMil 852 $aSeMil$W1$xVenegono$y1$m2P III 811$j45813$B45813$CSeMilBibl$Z2$F47885 $81 996 $6245$aLa fenomenologia :$bHusserl, Heidegger, Sartre, Merleau-Ponty$9(OLS)http://semarc/title/403848 996 $6260$aRoma :$bCittà Nuova$9(OLS)http://semarc/publisher/29609